004380000a220010900045001000019000002450097000193000058001167730039001749420008002139520090002219990017003111 aDorman, Ted M.10aHoly Spirit, history, hermeneutics and theology : Toward an evangelical / Catholic consensus aVol. 41, Num. 3 (Septiembre, 1998), Páginas 427-4380 tJournal of the Theological Society cANA 001040708HEMaFUSBCbFUSBCd2016-01-26l0o r2016-01-26 00:00:00w2016-01-26yANA c54587d54587